000 00679nam a2200205 4500
001 144523
003 ES-MaACL
005 20260213163034.0
007 t|
008 070214s1971 sp r ||||1| spa d
080 _a352(466.2 S. Sebastián).071.55(091)
100 1 _aSilván, Leandro.
_9106415
245 1 3 _aEl término municipal de San Sebastián
_b: su evolución histórica /
_cLeandro Silván.
260 _aSan Sebastián :
_bCaja de Ahorros Municipal,
_c1971.
300 _a66 p. :
_bil. ;
_c24 cm.
651 4 _aSan Sebastián-
_xHistoria.
_9144400
710 0 _aCaja de Ahorros Municipal
_92296
852 _aES-MaACL
_jC-42200
_bR.79860
999 _c144523
_d144523